000 00905nam a22001937a 4500
999 _c62851
_d62851
003 Ge_BSU
005 20250310130002.0
008 250310s1955 ge ||||| |||| 00| 0 geo d
041 _ageo
080 _a573.5 : 141.45 ვ-22
100 _aვასაძე, ე.
_924501
245 _aმეცნიერება და რელიგია სიცოცხლისა და ადამიანის წარმოშობის შესახებ /
_cე. ვასაძე.
264 _a[თბილისი] :
_bსახელგამი,
_c 1955.
300 _a124 გვ.
_b ილ. ;
_c19 სმ.
653 _aსიცოცხლის წარმოშობა
653 _aადამიანის წარმოშობა
653 _aმეცნიერულ-ათეისტური პროპაგანდა
942 _2udc
_cᲬᲘᲒᲜᲘ